Singers by Hit Song - Statistics

General Stats
  • This quiz has been taken 226 times
  • The average score is 48 of 116
Answer Stats
Song Artist % Correct
Umbrella Rihanna
94%
Poker Face Lady Gaga
93%
Wrecking Ball Miley Cyrus
88%
Single Ladies Beyonce
86%
Hip's Don't Lie Shakira
85%
Baby One More Time Britney Spears
84%
Rolling in the Deep Adele
83%
California Gurls Katy Perry
83%
Shake It Off Taylor Swift
83%
Chandelier Sia
81%
Tik Tok Kesha
78%
Like A Virgin Madonna
78%
My Heart Will Go On Celine Dion
76%
Dancing Queen ABBA
73%
I Wanna Dance with Somebody Whitney Houston
73%
Sexyback Justin Timberlake
72%
Moves Like Jagger Maroon 5
71%
Genie in a a Bottle Christina Aguilera
69%
Starships Nicki Minaj
68%
Just The Way You Are Bruno Mars
63%
In Da Club 50 Cent
61%
Hollaback Girl Gwen Stefani
59%
Gold Digger Kanye West
59%
Sine U Been Gone Kelly Clarkson
59%
I Gotta Feeling The Black Eyed Peas
59%
On the Floor Jennifer Lopez
58%
Price Tag Jessie J
58%
So What Pink
58%
Live Your Life T.I.
58%
Timber Pitbull
57%
Girls Just Wanna Have Fun Cyndi Lauper
54%
Scream & Shout will.i.am
54%
Titanium David Guetta
53%
Counting Stars One Republic
53%
Wake Me Up Avicii
52%
Believe Cher
51%
One Dance Drake
50%
Never Gonna Give You Up Rick Astley
49%
No Scrubs TLC
49%
Problem Ariana Grande
48%
Yeah! Usher
48%
Drop It Like It's Hot Snoop Dogg
46%
Don't Cha The Pussycat Dolls
46%
See You Again Wiz Khalifa
46%
Girlfirend Avril Lavigne
44%
Hot In Herre Nelly
44%
Fallin' Alicia Keys
43%
This Is What You Came For Calvin Harris
43%
Glamorous Fergie
43%
Bleeding Love Leona Lewis
43%
Bye Bye Bye *NSYNC
43%
Fancy Iggy Azalea
42%
Total Eclipse of the Heart Bonnie Tyler
41%
Nothing Compares 2 U Sinéad O'Connor
41%
Survivor Destiny's Child
39%
Can't Get You Out of My Head Kylie Minogue
39%
Don't Speak No Doubt
39%
It Wasn't Me Shaggy
39%
Un-Break My Heart Toni Braxton
39%
Happy Pharell
38%
Ironic Alanis Morissette
36%
Come & Get It Selena Gomez
36%
Hot Stuff Donna Summer
34%
Sweet Dreams Eurythmics
34%
Rhythm Nation Janet Jackson
34%
We Belong Together Mariah Carey
34%
Torn Natalie Imbruglia
34%
Hard Knock Life Jay-Z
33%
Temperature Sean Paul
33%
Smack That Akon
31%
Run It! Chris Brown
31%
Wild Ones Flo Rida
30%
Say It Right Nelly Furtado
30%
Beautiful Girls Sean Kingston
30%
Doo Wop Lauryn Hill
29%
Paper Planes M.I.A.
29%
Get Ur Freak On Missy Elliott
29%
Apologize Timbaland
29%
Rockabye Clean Bandit
28%
Push It Salt N Pepa
28%
I'm Coming Out Diana Ross
27%
September Earth, Winds & Fire
27%
Wiggle Jason Derulo
27%
The Fear Lily Allen
27%
White Flag Dido
26%
So Sick Ne-Yo
26%
Family Affair Mary J. Blige
25%
Heaven Is a Place on Earth Belinda Calisle
24%
Milkshake Kelis
24%
Listen To Your Heart Roxette
24%
Fight For This love Cheryl Cole
23%
1, 2 Step Ciara
22%
Unwritten Natasha Bedingfield
21%
This Kiss Faith Hill
20%
How Do I Live LeAnn Rimes
18%
Break Your Heart Taio Cruz
17%
Rhythm Is Gonna Get You Gloria Estefan
16%
Keep Me Hangin' On Kim Wilde
16%
How to Love Lil Wayne
16%
Primadona Marina and the Diamonds
15%
I'm Outta Love Anastacia
14%
Eacuate The Dance Floor Cascada
14%
Motivation Kelly Rowland
14%
Tell It To My Heart Taylor Dayne
14%
Let Me Blow Your Mind Eve
13%
Battlefield Jordin Sparks
13%
Ruby Kaiser Chiefs
13%
I Will Never Let You Rita Ora
13%
Knock You Down Keri Hilson
12%
Spotlight Jennifer Hudson
11%
Act a Fool Ludacris
10%
I Try Macy Gray
10%
I Touch Myself Divinyls
9%
Look At Me Now Busta Rhymes
6%
Right There Nicole Scherzinger
5%
Sweetest Girl Wyclef Jean
3%
No matching quizzes found
Score Distribution
Percent of People with Each Score
Percentile by Number Answered
Your Score History
You have not taken this quiz